000 00712nam a2200253Ia 4500
003 OSt
005 20220918172746.0
006 a|||||r|||| 00| 0
007 ta
008 220917b |||||||| |||| 00| 0 eng d
024 _a2,726
037 _cTextual
040 _aARTS
_cARTS
_beng
041 _2eng
_aeng
082 _aa12,15E4, L1 BB
100 _aPearson J D.
_943003
245 0 _aOriental manuscripts in Europe and North America
_b A survey
260 _aSwitzerland
_bInter Documentation
_c1971
300 _alxxx,515p
_ccm.
490 _aBibliotheca asiatica
650 _aBIBLIOGRAPHY
942 _ha12,15E4, L1 BB
_cTEXL
_2CC
999 _c145422
_d145422